| 000 | 00480nam a2200205Ia 4500 | ||
|---|---|---|---|
| 008 | 170918s9999 xx 000 0 und d | ||
| 020 | _a9780531241066 | ||
| 050 | _bF911 2010 | ||
| 100 | _aFriedman, Mel | ||
| 245 | _aAncient China / | ||
| 245 | _cby Mel Friedman. | ||
| 260 | _aNew York : | ||
| 260 | _bChildren's Press, | ||
| 260 | _c2010 | ||
| 300 | _a48 pages : | ||
| 300 | _bcolored illustration ; | ||
| 300 | _c21cm. | ||
| 440 | _aA true book. | ||
| 500 | _a890 | ||
| 999 |
_c342729 _d342729 |
||